| 000 | 00415 a2200169 4500 | ||
|---|---|---|---|
| 040 | _aDLC | ||
| 082 | _a530 | ||
| 100 | _aSears, Francis W. | ||
| 245 | _aUniversity physics | ||
| 250 | _a7th | ||
| 260 |
_aReading, Massachusetts _bAddison-Wesley _c1999 |
||
| 300 |
_a1096 p. _bill. _c26 cm. |
||
| 500 | _aIncludes index | ||
| 650 | _aPhysics | ||
| 700 | _aMark W.Zemansky, Hugh E.Young | ||
| 942 |
_cBK _k530 SEA _2ddc |
||
| 999 |
_c7709 _d7709 |
||